| 000 | 00520nam a2200169 4500 | ||
|---|---|---|---|
| 003 | CO-ViMGA | ||
| 020 | _a9786070504532 | ||
| 040 |
_aCO-ViMGA _bspa _cCO-ViMGA |
||
| 082 | 0 | 4 |
_a621.319 _bE67i. |
| 100 | 1 |
_aEnríquez Harper, Gilberto _94600 |
|
| 245 | 1 | 0 |
_aInstalaciones eléctricas paso a paso / _cGilberto Enríquez Harper. |
| 260 |
_aMéxico : _bLimusa, _c2012. |
||
| 300 |
_a352 p. : _bIl dibujos, ; 27 cm. |
||
| 500 | _aDedicatoria a sus hijos y nietos. | ||
| 650 | 1 | 4 |
_aIngeniería Eléctrica. _94601 |
| 942 |
_2ddc _cBK |
||
| 999 |
_c35782 _d35782 |
||